00305nam a22000977a 4500040000700000082000700007100003300014245010700047260004400154300000900198 cHS aHS aឆាយ​ គង្គា a Agricultural policy analysis ការវិភាគគោលនយោបាយកសិកម្ម aRUAbឆាយ​ គង្គាc2008 a22p;